The first book of common sense management

Bibliographic Details
Main Author: Tracy, Diane (Author)
Format: Book
Language:English
Published: New York : William Morrow & Co 1979
Subjects:

MARC

LEADER 00000cam a2200000 7i4500
001 0000002541
005 20240925.0
008 991130 nyu eng
020 |a 0688083463 
040 |a INS   |b eng   |e rda 
090 0 0 |a HF5549.12   |b .T73 1989 
100 1 |a Tracy, Diane ,   |e author 
245 1 4 |a The first book of common sense management   |c by Diane Tracy 
264 1 |a New York :   |b William Morrow & Co   |c 1979 
300 |a 157 pages ;   |c 22 cm. 
336 |a text  |2 rdacontent 
337 |a unmediated  |2 rdamedia 
338 |a volume  |2 rdacarrier 
650 0 |a Supervision of employees 
999 |a 0000003667   |b BOOK   |c Open Shelf   |e Default branch